| 000 | 00686nam a22001577a 4500 | ||
|---|---|---|---|
| 003 | OSt | ||
| 005 | 20190821144325.0 | ||
| 008 | 190821b xxu||||| |||| 00| 0 eng d | ||
| 040 | _cRUA | ||
| 082 | _aAGR RUN 2017 B644 Or.1 | ||
| 100 |
_913838 _aRUN PHEARUM រុន ភារំុ |
||
| 245 | _aeffect of trichoderma harzianum on lettuch at royal university of agricultur ឥទ្ធិពលនៃទ្រីកូឌៃម៉ាលើដំណាំសាលាដក្នុងលក្ខណ្ឌសាកលវិទ្យាល័យភូមិន្ទកសិកម្ម | ||
| 260 |
_aRUA _bPhnom Penh _c2017 |
||
| 300 |
_ax;40p _bill; _c29cm |
||
| 942 |
_2ddc _cAGR |
||
| 999 |
_c18166 _d18166 |
||